000 00332nam a22001457a 4500
003 OSt
005 20160727222341.0
008 160620b xxu||||| |||| 00| 0 eng d
040 _cTest
100 _986
_aBeers, V, G
_cKitten Crowd
245 _aKitten Crowd
260 _aSouth Western
_c1973
300 _aKitten Crowd
942 _2ddc
_cBK
999 _c70
_d70